Statistics for Finish the lyrics from random songs

Click here to take the quiz!

General Stats

  • This quiz has been taken 161 times
  • The average score is 4 of 20

Answer Stats

Lyrics% Correct
You spin me right 'round, {baby}, right 'round
94%
I'm on the highway to {hell}
90%
Over the {castle} on the hill
88%
Is this the real life?
Is this just fantasy?
Caught in a landside,
No escape from {reality}
86%
We built this city
We built this city on {rock and roll}
73%
I'm {blue}
Da ba dee da ba di
Da ba dee da ba di
Da ba dee da ba di
67%
We didn't start the fire
It was always burning, since the world's been {turning}
60%
Sun is shinin' in the sky
There ain't a {cloud} in sight
57%
Carry on, my {wayward} son
There'll be peace when you are done
Lay your weary head to rest
Don't you cry no more
56%
I walk this empty street
On the Boulevard of {Broken} Dreams
55%
Life is a {highway}
I wanna ride it all night long
55%
Like a true nature's child
We were born
Born to be {wild}
We can climb so high
I never wanna die
53%
I can't stop this {feeling}
Deep inside of me
Girl, you just don't realize
What you do to me
50%
'Cause baby there ain't no mountain high enough
Ain't no valley low enough
Ain't no river wide enough
To keep me from {getting} to you babe
45%
What will we do with a {drunken} sailor?
43%
He says, "Son can you play me a memory?
I'm not really sure how it goes
But it's sad and it's sweet and I knew it complete
When I wore a {younger} man's clothes"
40%
Listen to the {wind} blow
Watch the sun rise
40%
Clowns to the left of me!
Jokers to the right!
Here I am stuck in the {middle} with you.
38%
Load up on guns, bring your friends
It's fun to lose and to pretend
She's over bored and self assured
Oh no, I know a {dirty} word
38%
You keep on shoutin', you keep on shoutin'
I wanna rock and roll all night and {party} every day
38%
miss the Earth so much I miss my {wife}
It's lonely out in space
36%
There's a port on a western bay
And it serves a {hundred} ships a day
Lonely sailors pass the time away
And talk about their homes
36%
My Sweet Lord
hm my lord
hm my lord
I {really} want to see you
33%
She keeps her Moet et Chandon
In her pretty {cabinet}
"Let them eat cake", she says
Just like Marie Antoinette
33%
When I had you to myself
I didn't want you {around}
Those pretty faces always made you stand out in a crowd
33%
Don't wanna be an American idiot!
Don't want a nation under the new media
And can you hear the sound of {hysteria}?
The subliminal mind **** America!
31%
It was a night like this forty million years ago
I lit a cigarette, picked up a monkey skull to go
The sun was spitting fire, the sky was blue as ice
I felt a little tired, so I watched {Miami} Vice
And walked the dinosaur, I walked the dinosaur
30%
I must've been through about a {million} girls
I'd love 'em and I'd leave 'em alone
I didn't care how much they cried, no sir
Their tears left me cold as a stone
25%
Mother told me, yes she told me
I'd meet {girls} like you
She also told me stay away
You'll never know what you'll catch
21%
When I die and they lay me to rest
Gonna go to the place that's the best
When I lay me down to die
Goin' up to the {spirit} in the sky
21%
A long, long time ago
I can still remember how that music used to make me smile
And I knew if I had my {chance} that I could make those people dance
And maybe they'd be happy for a while
20%
Hello Daddy, hello Mom
I'm your ch-ch-ch-ch-ch-ch-cherry bomb
Hello world, I'm your {wild} girl
I'm your ch-ch-ch-ch-ch-ch-cherry bomb
20%
If you ever change your mind
About leaving, leaving me behind
Baby (oh), bring it to me
Bring your {sweet} loving
19%
I'm not in {love}
So don't forget it
It's just a silly phase I'm going through
17%
I always will remember
'Twas a year ago November
I went out to hunt some deer
On a mornin' bright and clear
I went and shot the maximum the game laws would allow
Two game wardens, seven hunters, and a {cow}
16%
Day-o, day-o
{Daylight} come and we want go home
15%
So you think I got an {evil} mind? I'll tell you, honey
I don't know why, I don't know why
15%
Blue-jean baby
L.A. lady
{Seamstress} for the band
14%
I heard you crying loud, all the way across town
Cause you been searching for that someone
And it's me out on the prowl
As you sit around feeling sorry for {yourself}
14%
There's a man who leads a life of danger
To everyone he meets he stays a {stranger}
With every move he makes
Another chance he takes
14%
Guess I got what I deserve
Kept you waiting there, too long my love
All that time, without a word
Didn't know you'd think, that I'd forget, or I'd regret
The special love I have for you, my baby {blue}
10%
Gather 'round ye lads and lasses, set ye for a while
And harken to me mournful tale about the {Emerald} Isle
Let's all raise our glasses high to friends and family gone
And lift our voices in another Irish drinkin' song
9%
{Girl}, you really got me goin'
You got me so I don't know what I'm doin'
Yeah, you really got me now
You got me so I can't sleep at night
8%
Keep your 'lectric eye on me babe
Put your ray gun to my head
Press your {space} face close to mine, love
Freak out in a moonage daydream oh yeah
8%
Southern nights
Have you ever felt a southern night
Free as a {breeze}
Not to mention the trees
Whistling tunes that you know and love so
8%
Steve walks warily down the street
With his {brim} pulled way down low
Ain't no sound but the sound of his feet
Machine guns ready to go
8%
What is this song all about?
Can't figure any {lyrics} out
8%
When he came across this young man sawin' on a {fiddle} and playin' it hot
And the devil jumped up on a hickory stump
And said, "boy, let me tell you what"
8%
I had a dream last night that I was pilot in a plane
And all the passengers were {drunk} and insane
7%
Old Godzilla was hopping around
Tokyo City like a big {playground}
When suddenly Batman burst from the shade
7%
Whiskey gave me a broken {nose}!
Whiskey, Johnny!
Whiskey made me pawn my clothes,
Whiskey for my Johnny O!
7%
You can whistle a tune
Buy a balloon
You can even eat a bagel with a silver spoon
But you just can't eat hot {soup} with your bare hands
7%
{Fox} on the run
You scream and everybody comes a-running
6%
Ridin' down the highway
Goin' to a show
Stop in all the byways
Playin' rock 'n' roll
Gettin' robbed
Gettin' {stoned}
Gettin' beat up
Broken-boned
6%
There's a man who lives a life of danger
He travels in our midst, but he's a stranger
Los Alamos beware
It's not the Russian bear
Odds are he was sent from Mainland {China}
6%
A full {commitment's} what I'm thinking of
You wouldn't get this from any other guy
0%
All you women who want a man of the street
But don't know which way you wanna turn
Just keep a-comin', and put your hand out to me
'Cause I'm the one who's gonna make you {burn}
0%
And it's windy weather, boys, stormy weather, boys
When the wind blows, we're all together, boys
Blow ye winds westerly, blow ye winds, blow
{Jolly} sou'wester, boys, steady she goes
0%
But that's just perfect for an {Amish} like me
You know, I shun fancy things like electricity
0%
Dear Mister Fantasy play us a tune
Something to make us all happy
Do anything take us out of this {gloom}
Sing a song, play guitar
Make it snappy
0%
Defenestration
Robert has an offer, Ned accepts the call
Ned and daughters to the Capital
Jon to the {Wall}
0%
Dig through the ditches and burn through the witches
I slam in the back of my {Dragula}
0%
Last night when I walked into my bathroom
I stepped in a big pile of shh-
-{shaving cream}
0%
Haha, well now
We call this the act of {mating}
But there are several other very important differences
Between human beings and animals that you should know about
0%
Hail (Hail), what's the matter with your head, yeah
Hail (Hail), what's the matter with your mind and your {sign}
0%
I am the {jigsaw} man-I turn the world around with a skeleton hand
Say-I am electric head a cannibal core a television said yeah
0%
If you're having trouble with the high school head
He's giving you the {blues}
You wanna graduate, but not in his bed
Here's what you gotta do
Pick up the phone, I'm always home
Call me any time
0%
I got it from {Agnes}
She got it from Jim
We all agree it must have been
Louise who gave it to him
0%
{Imagine} me and you, I do
I think about you day and night, it's only right
To think about the girl you love and hold her tight
0%
I met her in a club down in old Soho
Where you drink {champagne} and it tastes just like coca cola
0%
I'm just mad about {saffron}
0%
I'm not {content} to be with you in the day time
Girl, I want to be with you all of the time
The only time I feel alright is by your side
Girl, I want to be with you all of the time
0%
I'm outta luck, outta love
Gotta {photograph}, picture of
Passion killer, you're too much
You're the only one I want to touch
0%
In a little cafe
Just the other side of the border
She was just sitting there givin' me {looks}
That made my mouth water
0%
I never knew how complete {love} could be
'Till she kissed me and said, baby
Please, go all the way
0%
In these times of hardship, just remember
We
Are
{Groot}
0%
It's just no good anymore since you went away
Now I spend my time just making {rhymes} of yesterday
0%
It's not time to make a {change}
Just relax, take it easy
You're still young, that's your fault
There's so much you have to know
0%
It was a matter of fact that when I paid all my tax
I held the world in the palm of my hand
And all of my debts were causing me to defect
To a land of {bananas} and sand
0%
I've been looking at the sky
'Cause it's gettin' me high
Forget the {hearse} 'cause I never die
0%
I was tired of my lady
We'd been together too long
Like a worn out {recording}
Of a favorite song
0%
Let me take you on a little trip
My supersonic ship's at your disposal
If you feel so inclined. Well alright.
We're gonna travel faster than light
So do up your {overcoat} tight
And you'll go anywhere you want to decide. Well alright.
0%
My girl's name is Senora
I tell you friends, I adore her
And when she dances, oh, brother
She's a {hurricane} in all kinds of weather
0%
Now, I lay me down to sleep
Ooh, I just can't find a {beat}
Flash light (ohh, I will never dance!)
0%
Razzle 'n' a dazzle 'n' a flash a little light
Television lover, baby, go all night
Sometime, anytime, sugar me sweet
Little miss {innocent} sugar me, yeah, yeah
0%
Running down to Cuba with a load of {sugar},
Weigh, me boys, to Cuba!
Make her run you, lime juice squeezes,
Running down to Cuba.
0%
Some day, yeah
We'll put it together and we'll get it undone
Some day
When your head is much {lighter}
0%
So needless to say
I'm odds and ends
But I'll be {stumbling} away
Slowly learning that life is okay
Say after me
It's no better to be safe than sorry
0%
Starry nights, sunny days
I always thought that love should be that way
Then comes a time that you're ridden with {doubt}
You've loved all you can and now you're all loved out
0%
Stately homes for the Lords
Croquet lawns, village greens
{Victoria} was my queen
0%
There's {antimony}, arsenic, aluminum, selenium,
And hydrogen and oxygen and nitrogen and rhenium,
0%
There's a road I'd like to tell you about, lives in my home town
Lake Shore Drive the road is called and it'll take you up or down
From rags on up to riches, {fifteen} minutes you can fly
0%
{Turn} it down you say
But all I got to say to you is time and time again I say No!
No! No! No!
0%
Welcome to the {internet}
Have a look around
Anything that brain of yours can think of can be found
0%
We rock at dawn on the front line
Like a bolt right out of the blue
The sky's alight with the {guitar} fight
Heads will roll and rock tonight
For those about to rock, we salute you
0%
White people, I get {bullied} in school
I can’t wait til I’m a cop so I can bully you, White People
0%
Workin' on a laptop, close to the end
Of a job I've been doing since half past ten
I don't believe that it's {frozen} again
The system has gone down-o, down-o, down-o
0%
Wynona's got herself a big brown beaver
And she shows it off to all her friends
One day, you know, that beaver tried to leave her,
So she caged him up with {cyclone} fence
Along came Lou with the old baboon
And said Recognize that smell?
Smells like seven layers,
That beaver eats Taco Bell
0%
Yeah, wow! Five, yeah, wow!!
Demon-warp is coming alive in {1965}
Five, five, yeah!
0%
You'd like to show me all {around}
Thank you girl but I know this town
It's all right hey lawdy mama, it's all right
0%

Score Distribution

Percentile by Number Answered

Percent of People with Each Score

Your Score History

You have not taken this quiz